00755nam a2200229Ia 450000500170000000800410001702000150005808200220007310000200009510000160011524500700013126000910020130000120029265000220030465000250032665000120035165000240036365000190038794200060040695200980041299900150051020250213010625.0240331s9999 xx 000 0 und d a8173041067 bMUK22713a304.63 aMukhopadhyay, S aSavithri, R 0aPoverty, Gender and Reproductive Choice:bAn Analysis of Linkages aNew DelhibManohar Publishers & Distributors;bInstitute of Social Studies Trustc1998 a126 p., aGender Inequality aEconomic Development aPoverty aReproductive Choice aWomen's Health cL 001040708LaWERCLbWERCLcSSCd2024-03-31l0o 304.63 Mukp2713r2024-03-31w2024-03-31yL c1425d1425